000
00372nam a2200181Ia 4500
100
_a
Lint/Van J.H
650
_a
combinatorics
250
_a
2
942
_c
BK
366
_f
25
654
_a
combinatorics
245
_a
Course in combinatorics
260
_b
Cambridge University Press
_c
2007
082
_b
LIN
300
_a
602
546
_a
ENGLISH
999
_c
23509
_d
23509